| 000 | 00793nam1a22002771 4500 | ||
|---|---|---|---|
| 001 | RU\NLR\A1SV\120145 | ||
| 005 | 20251203171251.9 | ||
| 035 | _a(NLR Aleph) 010440824 | ||
| 090 |
_a9889785 _c9889785 |
||
| 100 | _a20130712d1920 u y0rusy50 ca | ||
| 101 | 0 | _arus | |
| 102 | _aRU | ||
| 200 | 1 |
_aТеатральная продагитация _fРос. соц. фед. сов. респ. Нар. ком. по просвещению. Политпросвет. отд. |
|
| 210 |
_aМ. _cГос. изд-во _d1920 |
||
| 215 | _d26 см | ||
| 620 | _dМосква | ||
| 801 | 0 |
_aRU _bNLR _c20130712 |
|
| 852 |
_aNLR _j37.63.6.402 |
||
| 899 | _aРГБИ | ||
| 899 | _aСПбГУ | ||
| 899 | _aРГБ | ||
| 899 | _aКирОУНБ | ||
| 942 | _cBOOK | ||
| 980 | _aNB | ||
| 980 | _aA1SV | ||